000 00372pab a2200157 454500
008 180718b2015 xxu||||| |||| 00| 0 eng d
100 _aPinotti, Paolo
245 _aImmigration enforcement and crime
260 _c2015
300 _ap.205-209.
362 _aMay
650 _aCrime
650 _aImmigration
773 _aAmerican Economic Review
909 _a108231
999 _c108226
_d108226